| 000 | 00758nam a2200241 a 4500 | ||
|---|---|---|---|
| 001 | BRL_1815 | ||
| 005 | 20190320211359.0 | ||
| 008 | 050815s1961----mx-#######---#000-0#spa-# | ||
| 041 | _aspa | ||
| 044 | _amx | ||
| 050 | 4 |
_aF1321 _b.T53 1961 |
|
| 100 | 1 |
_aTibón, Gutierre _922612 |
|
| 245 | 1 | 0 |
_aPinotepa Nacional _bMixtecos, negros y triques _cGutierre Tibón. |
| 260 |
_aMéxico _bUniversidad Nacional Autónoma de México _c1961 |
||
| 300 |
_a276 p. _c24 cm. |
||
| 500 | _aej.1 Au1344, ej.2 Au2049 | ||
| 500 | _aLa biblioteca cuenta con ejemplares | ||
| 504 | _aBibliografía: p. 265-267 | ||
| 650 | 1 | 4 |
_aIndígenas de México _zOaxaca (Estado) _927944 |
| 651 | 4 |
_aOaxaca (México) _xDescripciones y viajes _927945 |
|
| 902 | _aGRL | ||
| 942 |
_2lcc _cB |
||
| 999 |
_c10623 _d10623 |
||